| 000 | 00386pam a2200157a 44500 | ||
|---|---|---|---|
| 008 | 230515b2002 xxu||||| |||| 00| 0 eng d | ||
| 020 | _aNULL | ||
| 041 | _aENGLISH | ||
| 082 | _a621.31042/ SAY | ||
| 100 | _aSAY M. G. | ||
| 245 | _aTHE PERFORMANCE AND DESIGN OF ALTERNATIVE CURRENT MACHINES | ||
| 250 | _aNULL | ||
| 260 |
_aNULL _bC.B.S _c2002 |
||
| 300 | _a663 PB | ||
| 650 | _aNULL | ||
| 999 |
_c633867 _d633867 |
||